000 01067nam a2200265 i 4500
001 184761
003 ES-MaACL
005 20231117104225.0
008 151202s2005 sp aco c |||| |bspa d
020 _a84-934640-0-7
080 _a929 Botí, Rafael
080 _a75 Botí, Rafael
100 1 _aBotí, Rafael.
_930779
245 1 0 _aRafael Botí
_b: (Córdoba, 1900-Madrid, 1995) /
_c[diseño y coordinación, Rafael Botí Torres].
260 _a[Madrid] :
_bFernando Villaverde,
_c[2005]
300 _a329 p., [2] p. de lám. col. :
_bil. col. y n., fot. ;
_c30 x 24 cm.
500 _aCronología: p. 319-328.
505 8 _aContiene: Fot. de la exposición de Rafael Botí celebrada en el Ateneo de Madrid en 1978 ;
_tTrayectoria de Rafael Botí /
_rJaime Brihuega. --
_t100 miradas sobre Rafael Botí
600 1 7 _aBotí, Rafael.
_930779
700 1 _aBotí Torres, Rafael.
_9158283
700 1 _aBrihuega, Jaime.
_931733
852 1 _aES-MaACL
_jA-13450
_9191774
_bR.150706
_cDEPO1
_dOlim: N-6450
942 _2udc
_cMONOGRAFIA
999 _c184761
_d184761